000 00667nam a2200241Ia 4500
003 OSt
005 20220928114730.0
006 a|||||r|||| 00| 0
007 ta
008 220927b |||||||| |||| 00| 0 eng d
024 _a130097
037 _cReference Collections
040 _aSDCL
_cSDCL
_beng
041 _2eng
_aeng
082 _aSigma .1s, L6 RR
100 _aUnited Nattions
_9440632
245 0 _aWorld statistics in brief.
250 _a1
260 _aNew York
_b United Nations
_c1976
300 _ax,243p.
_ccm.
942 _hSigma .1s, L6 RR
_cREF
_2CC
999 _c756187
_d756187